Sports Quiz

Random Sports or WWE Quiz

NWA/WCW WarGames Matches Quiz Stats

 Plays Quiz Updated Jul 15, 2015

     
Support Sporcle.
Go Orange.
Score 0/107 Timer 07:00
12 Plays Today
Year Team Member % Correct
September 15, 1996Hollywood Hogan
95.9%
September 17, 1995Hulk Hogan
95.6%
1998 #1 Contender's MatchHollywood Hogan
94.9%
July 4, 1987Ric Flair
91.2%
July 2, 1988Ric Flair
91.2%
September 15, 1996Ric Flair
91.1%
September 15, 1996Sting (nwo)
90.7%
September 17, 1995Sting
90.6%
July 2, 1988Sting
90.6%
1998 #1 Contender's MatchSting
90.6%
February 24, 1991Ric Flair
90.6%
September 15, 1996Sting
90.5%
September 14, 1997Ric Flair
90.4%
February 24, 1991Sting
90%
WarGames 2000Sting
89.9%
May 17, 1992Sting
89.5%
September 19, 1993Sting
89.2%
September 15, 1996Kevin Nash
89%
1998 #1 Contender's MatchKevin Nash
88.9%
September 14, 1997Kevin Nash
88%
WarGames 2000Kevin Nash
87.9%
September 15, 1996Scott Hall
86.8%
July 4, 1987Arn Anderson
84.1%
September 15, 1996Arn Anderson
84%
1998 #1 Contender's MatchLex Luger
83.8%
July 4, 1987Lex Luger
83.8%
September 15, 1996Lex Luger
83.8%
July 2, 1988Arn Anderson
83.6%
May 17, 1992Arn Anderson
82.8%
July 2, 1988Lex Luger
82.6%
September 17, 1995Lex Luger
82%
September 18, 1994Arn Anderson
81.9%
September 17, 1995Randy Savage
81.6%
September 19, 1993Kane
78.4%
WarGames 2000Booker T
77.6%
July 2, 1988Dusty Rhodes
77.2%
Year Team Member % Correct
July 4, 1987Dusty Rhodes
76.9%
September 18, 1994Dusty Rhodes
76.9%
February 24, 1991Scott Steiner
75.1%
May 17, 1992Dustin Rhodes
75.1%
September 14, 1997Chris Benoit
74.6%
September 19, 1993Dustin Rhodes
74.5%
September 18, 1994Dustin Rhodes
74.3%
February 24, 1991Rick Steiner
74.3%
WarGames 2000Scott Steiner
72.5%
July 4, 1987Tully Blanchard
72.3%
July 2, 1988Tully Blanchard
72.2%
1998 #1 Contender's MatchDiamond Dallas Page
70.8%
1998 #1 Contender's MatchBret Hart
69%
July 4, 1987Road Warrior Animal
67.9%
July 4, 1987Road Warrior Hawk
67.9%
July 23, 1989Road Warrior Hawk
67.9%
July 23, 1989Road Warrior Animal
67.2%
September 19, 1993Kole
67%
May 17, 1992Barry Windham
66.4%
May 17, 1992Steve Austin
66.3%
1998 #1 Contender's MatchStevie Ray
65.8%
July 2, 1988Barry Windham
65.6%
September 19, 1993Vader
65%
WarGames 2000Goldberg
64.7%
February 24, 1991Barry Windham
64.5%
February 24, 1991Brian Pillman
61.9%
WarGames 2000Jeff Jarrett
61.6%
May 17, 1992Rick Rude
59%
1998 #1 Contender's MatchRoddy Piper
58.6%
September 14, 1997Buff Bagwell
58.2%
September 14, 1997Steve McMichael
57.9%
September 14, 1997Curt Hennig
57.4%
February 24, 1991Sid Vicious
56.1%
May 17, 1992Ricky Steamboat
55.5%
1998 #1 Contender's MatchThe Warrior
55.5%
September 19, 1993Sid Vicious
55.2%
Year Team Member % Correct
July 2, 1988JJ Dillon
54.8%
September 14, 1997Konnan
54.7%
July 4, 1987JJ Dillon
54.4%
September 19, 1993Davey Boy Smith
51.8%
May 17, 1992Bobby Eaton
51.4%
May 17, 1992Nikita Koloff
51.3%
July 23, 1989Bobby Eaton
50.9%
September 14, 1997Syxx
50.7%
July 4, 1987Nikita Koloff
50.5%
July 2, 1988Nikita Koloff
50.3%
September 17, 1995The Zodiac
49.8%
September 17, 1995Meng
46.6%
September 17, 1995The Shark
45.3%
July 2, 1988Paul Ellering
44.3%
July 4, 1987Paul Ellering
42.9%
September 18, 1994Terry Funk
42.4%
July 23, 1989Michael Hayes
42.2%
May 17, 1992Larry Zbyszko
41.5%
July 23, 1989Stan Lane
41.5%
September 19, 1993The Shockmaster
41.1%
February 24, 1991Larry Zbyszko
41%
July 23, 1989Jimmy Garvin
40.4%
September 17, 1995Kamala
37.6%
September 18, 1994Brian Knobbs
37.3%
September 18, 1994Jerry Sags
37.1%
July 23, 1989Terry Gordy
36.8%
July 23, 1989Steve Williams
35.9%
WarGames 2000Brian Adams
33.2%
WarGames 2000Bryan Clark
33.1%
July 23, 1989Samu
32%
September 18, 1994Bunkhouse Buck
31%
WarGames 2000Ron Harris
30.6%
July 23, 1989Fatu
30.4%
September 18, 1994Col. Robert Parker
30.2%
WarGames 2000Don Harris
29.2%

From the Vault

A Song of Ice and Fire: Who Killed...?

by maaxwell

It's hard enough to remember who's still alive in ASOIAF, but now we have to remember who killed them?
Remove Ads.
Support Sporcle.
Get the best of Sporcle when you Go Orange. This ad-free experience offers more features, more stats, and more fun while also helping to support Sporcle. Thank you for becoming a member.

Show Comments

Extras

Top Quizzes Today


Score Distribution

Your Account Isn't Verified!

In order to create a playlist on Sporcle, you need to verify the email address you used during registration. Go to your Sporcle Settings to finish the process.

Report this User

Report this user for behavior that violates our Community Guidelines.

Details: